000 00356nam a2200145Ia 4500
008 230605s1993 xx 000 0 und d
041 _aeng
100 _aLillicrap
245 _aFood and Berverage Service
260 _bEducational law Priceed Books Sheme
_c1993
300 _a400p
520 _aGeneral
520 _aHard Board
650 _aF & B Ser.
999 _c419858
_d419858